000 00453nab a2200145 4500
003 ES-SlBCS
005 20210327231214.0
008 150324s2015 sp ||||| |||| 00| 0 spa d
040 _aES-SlBCS
_bspa
100 1 _aSutherland, Stephani
_9329223
245 1 0 _aEstimulación sensorial para tratar el ictus
_cStephani Sutherland
650 0 4 _aMedicina
_914377
773 0 _gNº 71, 2015, págs. 72-77
_tMente y Cerebro
_wRev1286
_x1695-0887
942 _2lcc
_cAR
999 _c851540
_d851540